000 00768nam a22001337a 4500
080 _a368.21+ 347.53 T 616
100 _aTonto de Bessone, Mariana Lucia
245 _aLas Victimas de los Accidentes de transito frente a las Clausulas de exclusion d e cobertura contenidas en las Polizas de Seguro obligatorio automotor
260 _aMar del Plata
_bFacultad de Derecho: Universidad Nacional de Mar del Plata
_c2020
300 _a215 P.
650 _xderecho civil
_xseguro de responsabilidad civil
_xseguro obligatorio automotor
_xproyecto Halperin
_xproyecto Morandi. Stiglitz
_xderecho de daƱos
_xaccidentes de transito
_xcontrato de seguro
_xpoliza
_xreparacion integral
_xjurisprudencia
_xFlores
_xAymar
_xBuffoni
_xderecho del consumo
942 _6_
945 _acd
_d2021-12-21
999 _c5138
_d235642